Ochrana vkladov (porovnanie základných princípov ochrany vkladov na Slovensku a vo vybraných krajinách)

Prijatie smernice č. 94/19/ES z 30. mája 1994 o systémoch ručenia za vklady (smernica o poistení vkladov). Funkcia systému ochrany vkladov. Zásady systému ochrany vkladov v Európskej únii. Deetatizácia systémov ochrany vkladov. Povinná účasť úverových inštitúcií na systéme ochrany vkladov. Limity oc...

Descripción completa

Guardado en:
Detalles Bibliográficos
Autor principal: Jánoš, Daniel
Formato: Capítulo de libro
Lenguaje:eslovaco
Materias:
Etiquetas: Agregar Etiqueta
Sin Etiquetas, Sea el primero en etiquetar este registro!

MARC

LEADER 00000naa a2200000 4500
001 r034048
005 20230919084152.0
041 0 |a slo 
044 |a SK 
245 1 0 |a Ochrana vkladov  |b (porovnanie základných princípov ochrany vkladov na Slovensku a vo vybraných krajinách)  |c Daniel Jánoš 
520 |a Prijatie smernice č. 94/19/ES z 30. mája 1994 o systémoch ručenia za vklady (smernica o poistení vkladov). Funkcia systému ochrany vkladov. Zásady systému ochrany vkladov v Európskej únii. Deetatizácia systémov ochrany vkladov. Povinná účasť úverových inštitúcií na systéme ochrany vkladov. Limity ochrany vkladateľov. Systém ochrany vkladov na Slovensku. 
610 2 0 |a ochrana vkladov 
610 2 0 |a vklady 
610 2 0 |a banky 
610 2 0 |a poistenie 
610 2 0 |a smernice 
610 2 0 |a Európska únia 
610 2 0 |a Slovensko 
610 2 0 |a legislatíva 
100 1 |a Jánoš, Daniel